000 02866nam a22001577a 4500
082 _a621
100 _aZubair, Saad
_9130549
245 _aLie Symmetry Analysis of MHD Thermosolutal Marangoni Convection with Heat Generation and First Order Chemical Reaction /
_cSaad Zubair
264 _aIslamabad :
_bSMME- NUST;
_c2025.
300 _a86p.
_bSoft Copy
_c30cm
500 _aThe purpose of this research is to study the combined effects of Magnetohydrodynamic (MHD), Marangoni convection, heat generation, thermosolutal transport and chemical reaction of first order for a fluid system. These flows play a potent role in many applications of realworld such as cooling systems, heat exchangers, chemical and material processing, buildings and HVAC’s, power generation, food processing, aerospace and automotive, geothermal systems, thermal energy storage and many more. The equations modeling these flows are nonlinear partial differential equation which in general are very complex and challenging to solve. The considered flow equations are transformed into less complex ordinary differential equations by using an approach called Lie symmetry transformations. This mathematical technique helps in the reduction of variables of the system, thereby decreasing complexity of the system which often results in a set of solvable equations. This reduction of variables yields nonlinear equations of ordinary type that (in general) do not possess exact solutions, however computational cost involved in generating approximate solutions for the reduced equations decreases enormously. Through these solutions a better understanding of the system and the physical parameters that affect the system is established. This thesis employs Homotopy Perturbation Method that is an analytical approach for obtaining analytical approximate solutions for the flow and heat transfer considered by imposing the said physical constraints. MAPLE is used to develop the code for Homotopy Perturbation Method and for generating Lie similarity transformations. Using MAPLE, the reduction is performed, and graphs are obtained showing the influence of various variable parameters like Prandtl number, Hartmann number, Schmid number, rate of chemical reaction and the coefficient of heat generation corresponding to the temperature, velocity and concentration profiles. Lie control parameters are involved in these similarity solutions that are obtained in this thesis. These parameters are shown to influence the flow dynamics like the physical parameters. This control characterization of the fluid flow and heat transfer considered here has not been presented earlier.
650 _aMS Mechanical Engineering
700 _aSupervisor: Dr. Muhammad Safdar
_9119644
856 _uhttp://10.250.8.41:8080/xmlui/handle/123456789/54800
942 _2ddc
_cTHE
999 _c614744
_d614744